000 00297nam a22001457a 4500
082 _a001
_bKOH/K
100 _aN MOHAN
245 _aCRICKET QUIZ
_bQUIZ
246 _aCRICKET QUIZ
_bQUIZ
250 _a2003
260 _aALUVA
_bPEN BOOKS LTD
_c2003
300 _a32
520 _aQUIZ
942 _cBK
999 _c1045
_d1045